[Event "CYCC U10"]
[Site "Kapuskasing CAN"]
[Date "2004.07.07"]
[Round "4"]
[White "Berube, Pierre"]
[Black "Blair, Michael"]
[Result "0-1"]
[WhiteElo "1018"]
[BlackElo "917"]
[PlyCount "28"]
[GameId "2160767911095773"]
[EventDate "2004.07.06"]
[EventType "swiss"]
[EventRounds "7"]
[EventCountry "CAN"]
[SourceTitle "EXT 2006"]
[Source "ChessBase"]
[SourceDate "2005.11.24"]
[SourceVersion "1"]
[SourceVersionDate "2005.11.24"]
[SourceQuality "1"]

1. e4 e5 2. Bc4 Nf6 3. Nf3 Nc6 4. Ng5 d5 5. exd5 Nxd5 6. Qf3 Qxg5 7. Qxd5 Be6 8. Qe4 Qf5 9. Qd3 Bxc4 10. Qc3 Qe4+ 11. Qe3 Qxe3+ 12. dxe3 O-O-O 13. b3 Nb4 14. Nc3 Nxc2# 0-1

[Event "CYCC U10"]
[Site "Kapuskasing CAN"]
[Date "2004.07.07"]
[Round "4"]
[White "Calugar, Arthur"]
[Black "Gusev, Nikita"]
[Result "1-0"]
[WhiteElo "1729"]
[BlackElo "1534"]
[PlyCount "55"]
[GameId "2160767911095774"]
[EventDate "2004.07.06"]
[EventType "swiss"]
[EventRounds "7"]
[EventCountry "CAN"]
[SourceTitle "EXT 2006"]
[Source "ChessBase"]
[SourceDate "2005.11.24"]
[SourceVersion "1"]
[SourceVersionDate "2005.11.24"]
[SourceQuality "1"]

1. e4 c5 2. Nf3 d6 3. d4 cxd4 4. Nxd4 Nf6 5. Nc3 a6 6. f3 e6 7. Be3 Nc6 8. Qd2 Bd7 9. Nb3 b5 10. g4 b4 11. Ne2 Ne5 12. Bg2 Nc4 13. Qd4 Qc7 14. O-O-O Rc8 15. c3 e5 16. Qa7 Qc6 17. Bd2 a5 18. Kb1 a4 19. Nbc1 b3 20. Bg5 bxa2+ 21. Nxa2 a3 22. b3 Nb2 23. Rd2 Be6 24. c4 Nd7 25. Be3 Rb8 26. b4 Bxc4 27. Rf1 Bxa2+ 28. Kxa2 1-0

[Event "CYCC U10"]
[Site "Kapuskasing CAN"]
[Date "2004.07.07"]
[Round "4"]
[White "Gupta, Udit"]
[Black "Dallaire, Deric"]
[Result "1-0"]
[WhiteElo "1276"]
[BlackElo "1088"]
[PlyCount "71"]
[GameId "2160767911095775"]
[EventDate "2004.07.06"]
[EventType "swiss"]
[EventRounds "7"]
[EventCountry "CAN"]
[SourceTitle "EXT 2006"]
[Source "ChessBase"]
[SourceDate "2005.11.24"]
[SourceVersion "1"]
[SourceVersionDate "2005.11.24"]
[SourceQuality "1"]

1. e4 c5 2. Nf3 d6 3. d4 e6 4. dxc5 Nf6 5. cxd6 Bxd6 6. e5 Nfd7 7. Qxd6 Na6 8. Bd3 Qc7 9. Qxc7 Nxc7 10. Nc3 O-O 11. Be3 Na6 12. O-O-O h6 13. g4 Ndc5 14. Bxa6 bxa6 15. Bxc5 Re8 16. Rhg1 Bb7 17. Nd2 Bc6 18. Nb3 a5 19. Nxa5 Bf3 20. Rd3 Be4 21. Nxe4 Rab8 22. Nd6 Rec8 23. Bxa7 Ra8 24. Nxc8 Rxc8 25. Rgd1 Re8 26. Rd8 Rxd8 27. Rxd8+ Kh7 28. c4 Kg6 29. c5 f6 30. exf6 gxf6 31. c6 f5 32. c7 fxg4 33. c8=Q e5 34. Qxg4+ Kf6 35. Rf8+ Ke7 36. Bc5# 1-0

[Event "CYCC U10"]
[Site "Kapuskasing CAN"]
[Date "2004.07.07"]
[Round "4"]
[White "Kaufman, Elliot"]
[Black "Gladstone, Simon"]
[Result "0-1"]
[WhiteElo "1073"]
[BlackElo "1193"]
[PlyCount "124"]
[GameId "2160767911095776"]
[EventDate "2004.07.06"]
[EventType "swiss"]
[EventRounds "7"]
[EventCountry "CAN"]
[SourceTitle "EXT 2006"]
[Source "ChessBase"]
[SourceDate "2005.11.24"]
[SourceVersion "1"]
[SourceVersionDate "2005.11.24"]
[SourceQuality "1"]

1. e4 e6 2. c4 d5 3. cxd5 exd5 4. exd5 Qxd5 5. Nc3 Qd8 6. d4 Nc6 7. Nf3 Nf6 8. Qe2+ Qe7 9. Qxe7+ Bxe7 10. Nb5 Bd8 11. Bg5 a6 12. Nc3 O-O 13. O-O-O Ng4 14. Rd2 Bf5 15. h3 Nf6 16. Bd3 Bxd3 17. Rxd3 Be7 18. Re1 Rad8 19. d5 Bc5 20. Bxf6 gxf6 21. Rf1 Ne7 22. Ne4 Bb6 23. Nxf6+ Kg7 24. Nh5+ Kh8 25. Ne5 Rxd5 26. Rxd5 Nxd5 27. Rd1 c6 28. f4 Be3+ 29. Kc2 Bxf4 30. Nxf4 Nxf4 31. Rf1 Nxg2 32. Rxf7 Rxf7 33. Nxf7+ Kg7 34. Kd3 Kxf7 35. Ke4 Kg6 36. Kf3 Nh4+ 37. Kg4 Nf5 38. b3 h5+ 39. Kf4 b5 40. b4 Ne7 41. a3 Nd5+ 42. Ke5 Kg5 43. Kd6 Kh4 44. Kxc6 Kxh3 45. Kb7 Kg4 46. Kxa6 Ne3 47. Kb6 h4 48. Kc5 h3 49. Kd4 Nd1 50. Kd5 h2 51. Kc6 Nc3 52. a4 h1=Q+ 53. Kb6 bxa4 54. b5 Qb1 55. Kc5 Qxb5+ 56. Kd6 Qd5+ 57. Kc7 Nb5+ 58. Kb6 a3 59. Ka5 a2 60. Kb6 Kf5 61. Ka5 a1=Q+ 62. Kb6 Qa7# 0-1

[Event "CYCC U10"]
[Site "Kapuskasing CAN"]
[Date "2004.07.07"]
[Round "4"]
[White "Nadeau, Emmanuel"]
[Black "Kieu, Marc-Andre"]
[Result "0-1"]
[WhiteElo "1246"]
[BlackElo "1421"]
[PlyCount "62"]
[GameId "2160767911095778"]
[EventDate "2004.07.06"]
[EventType "swiss"]
[EventRounds "7"]
[EventCountry "CAN"]
[SourceTitle "EXT 2006"]
[Source "ChessBase"]
[SourceDate "2005.11.24"]
[SourceVersion "1"]
[SourceVersionDate "2005.11.24"]
[SourceQuality "1"]

1. e4 e5 2. Nc3 Nf6 3. Nf3 Nc6 4. Bb5 Nd4 5. Nxe5 Qe7 6. Nf3 Nxe4 7. Nxe4 Qxe4+ 8. Be2 Nxc2+ 9. Kf1 Nxa1 10. d3 Qc6 11. Bf4 Nc2 12. Ne5 Qc5 13. a3 Nd4 14. Bh5 g6 15. Bf3 Bd6 16. Qe1 O-O 17. Qe3 Re8 18. g3 Bxe5 19. Bxe5 Rxe5 20. Qf4 Rf5 21. Qe3 Rxf3 22. Qe8+ Qf8 23. Qe5 Qd6 24. Qe8+ Kg7 25. Qe4 Qc5 26. Kg2 d5 27. Qe5+ Rf6 28. b4 Qc3 29. Rd1 Bg4 30. Rf1 Bf3+ 31. Kg1 Ne2+ 0-1

[Event "CYCC U10"]
[Site "Kapuskasing CAN"]
[Date "2004.07.07"]
[Round "4"]
[White "Rozybakiyev, Ilchin"]
[Black "Dawson, Michael"]
[Result "1-0"]
[WhiteElo "1236"]
[BlackElo "1252"]
[PlyCount "89"]
[GameId "2160767911095779"]
[EventDate "2004.07.06"]
[EventType "swiss"]
[EventRounds "7"]
[EventCountry "CAN"]
[SourceTitle "EXT 2006"]
[Source "ChessBase"]
[SourceDate "2005.11.24"]
[SourceVersion "1"]
[SourceVersionDate "2005.11.24"]
[SourceQuality "1"]

1. e4 e6 2. d4 d5 3. e5 c5 4. c3 Nc6 5. Nf3 Qb6 6. Bd3 cxd4 7. cxd4 Bd7 8. Bc2 Nge7 9. Nc3 Nf5 10. Bxf5 exf5 11. Nxd5 Qa5+ 12. Nc3 Bb4 13. Bd2 O-O 14. O-O Qb6 15. Nd5 Qa5 16. Nxb4 Nxb4 17. Qe1 Rfe8 18. Bxb4 Qb6 19. Qd2 a5 20. Bc3 Qc6 21. Bxa5 b6 22. Bb4 Be6 23. Rfc1 Qb7 24. b3 Bd5 25. Qe2 f6 26. Bd6 Rad8 27. Qd1 fxe5 28. dxe5 Re6 29. Rc7 Qa8 30. Kh1 Bxf3 31. Qxf3 Qxf3 32. gxf3 h6 33. Rg1 g5 34. Rgc1 Ree8 35. R1c6 b5 36. Rb6 h5 37. Rbb7 Rxd6 38. exd6 h4 39. d7 Re1+ 40. Kg2 Rd1 41. Rc8+ Kg7 42. d8=Q+ Kg6 43. Rc6+ Rd6 44. Qxd6+ Kh5 45. Qh6# 1-0

[Event "CYCC U10"]
[Site "Kapuskasing CAN"]
[Date "2004.07.07"]
[Round "4"]
[White "Sithamparapillai, Arjun"]
[Black "Farrant-Diaz, Nathan"]
[Result "1-0"]
[WhiteElo "1060"]
[BlackElo "1081"]
[PlyCount "73"]
[GameId "2160767911095780"]
[EventDate "2004.07.06"]
[EventType "swiss"]
[EventRounds "7"]
[EventCountry "CAN"]

1. e4 e6 2. d4 d5 3. exd5 exd5 4. Nf3 Nf6 5. Bg5 Bf5 6. Qe2+ Be7 7. Bxf6 gxf6 8. g3 c6 9. Bg2 Nd7 10. O-O Qb6 11. Re1 Qb4 12. c3 Qd6 13. Nbd2 O-O-O 14. Qxe7 Qxe7 15. Rxe7 Be6 16. Nb3 Nf8 17. Nc5 Bd7 18. Rxf7 f5 19. Nxd7 Nxd7 20. Rxf5 Rde8 21. Rf7 Nb6 22. Bh3+ Kb8 23. Ne5 Nc8 24. Nd7+ Ka8 25. Nf6 Rd8 26. Rxh7 Rhf8 27. Nd7 Rfe8 28. Ne5 Rf8 29. Rf7 Rh8 30. Bxc8 Rxc8 31. h4 Rhe8 32. Re1 Re6 33. Rf3 Rg8 34. Rfe3 Rh6 35. Nf7 Rxh4 36. Re8+ Rxe8 37. Rxe8# 1-0

[Event "CYCC U10"]
[Site "Kapuskasing CAN"]
[Date "2004.07.07"]
[Round "4"]
[White "Zubac, Michael"]
[Black "Sanderson, Tyler"]
[Result "1-0"]
[WhiteElo "1134"]
[BlackElo "747"]
[PlyCount "81"]
[GameId "2160767911095781"]
[EventDate "2004.07.06"]
[EventType "swiss"]
[EventRounds "7"]
[EventCountry "CAN"]
[SourceTitle "EXT 2006"]
[Source "ChessBase"]
[SourceDate "2005.11.24"]
[SourceVersion "1"]
[SourceVersionDate "2005.11.24"]
[SourceQuality "1"]

1. e4 e5 2. Nf3 Nc6 3. Bb5 Bd6 4. O-O Nf6 5. Nc3 a6 6. Bxc6 dxc6 7. d4 Nd7 8. dxe5 Bxe5 9. Nxe5 Nxe5 10. Qxd8+ Kxd8 11. Bf4 f6 12. Rad1+ Bd7 13. b3 Kc8 14. Rd2 Rd8 15. Rfd1 g5 16. Bg3 Nf7 17. Na4 Bg4 18. Rxd8+ Nxd8 19. f3 Be6 20. Nc5 Bf7 21. Rd7 Ne6 22. Rxf7 Nxc5 23. Rxc7+ Kb8 24. Rxc6+ Ka7 25. Rxc5 Rd8 26. Rd5 Rxd5 27. exd5 Kb6 28. Kf2 f5 29. Be5 Kc5 30. d6 Kc6 31. c4 b5 32. c5 a5 33. Bf6 g4 34. f4 h5 35. Kg3 a4 36. b4 a3 37. Kh4 Kd7 38. Kxh5 Ke6 39. Be5 Kd7 40. Kg5 Ke6 41. h4 1-0

[Event "CYCC U10"]
[Site "Kapuskasing CAN"]
[Date "2004.07.08"]
[Round "5"]
[White "Dallaire, Deric"]
[Black "Blair, Michael"]
[Result "0-1"]
[WhiteElo "1088"]
[BlackElo "917"]
[PlyCount "106"]
[GameId "2160767911095783"]
[EventDate "2004.07.06"]
[EventType "swiss"]
[EventRounds "7"]
[EventCountry "CAN"]
[SourceTitle "EXT 2006"]
[Source "ChessBase"]
[SourceDate "2005.11.24"]
[SourceVersion "1"]
[SourceVersionDate "2005.11.24"]
[SourceQuality "1"]

1. e4 e5 2. Bc4 Nf6 3. Nf3 Nc6 4. O-O h6 5. h3 d5 6. exd5 Nxd5 7. Nc3 Be6 8. d3 a6 9. d4 Nxc3 10. bxc3 Bxc4 11. Re1 f6 12. Nd2 Bf7 13. Qg4 Qc8 14. Qf3 g6 15. Qxf6 Rh7 16. dxe5 Qe6 17. Qf4 g5 18. Qe4 Bg6 19. Qa4 b5 20. Qb3 Qxb3 21. axb3 Bxc2 22. c4 b4 23. Nf3 a5 24. Be3 a4 25. bxa4 Rxa4 26. Rac1 b3 27. Nd2 Bb4 28. Nxb3 Bxb3 29. Re2 Ra2 30. Rxa2 Bxa2 31. c5 Rd7 32. Rf1 Rd5 33. Rc1 Bd2 34. Bxd2 Rxd2 35. Ra1 Bb3 36. Kh2 Ke7 37. Re1 Rd5 38. e6 Re5 39. Rb1 Bxe6 40. Rb5 Bc4 41. Rb1 Rxc5 42. Re1+ Kf6 43. Rc1 Ke5 44. Re1+ Kd4 45. Rd1+ Kc3 46. Rc1+ Kd2 47. Rf1 Bxf1 48. f4 Nd4 49. fxg5 Rxg5 50. g3 Ke2 51. h4 Kf2 52. hxg5 Nf3+ 53. Kh1 Bg2# 0-1

[Event "CYCC U10"]
[Site "Kapuskasing CAN"]
[Date "2004.07.08"]
[Round "5"]
[White "Dawson, Michael"]
[Black "Zubac, Michael"]
[Result "1-0"]
[WhiteElo "1252"]
[BlackElo "1134"]
[PlyCount "40"]
[GameId "2160767911095784"]
[EventDate "2004.07.06"]
[EventType "swiss"]
[EventRounds "7"]
[EventCountry "CAN"]
[SourceTitle "EXT 2006"]
[Source "ChessBase"]
[SourceDate "2005.11.24"]
[SourceVersion "1"]
[SourceVersionDate "2005.11.24"]
[SourceQuality "1"]

1. d4 d5 2. Nf3 Nc6 3. b3 Nf6 4. c4 dxc4 5. bxc4 e6 6. a3 Be7 7. Nc3 O-O 8. e4 Qd7 9. Be2 Rd8 10. d5 exd5 11. cxd5 Nb8 12. O-O Re8 13. Re1 Kf8 14. Qc2 g6 15. Rd1 c6 16. dxc6 Qxc6 17. Bb5 Qc7 18. Bxe8 Kxe8 19. Qa4+ Kf8 20. Nd5 Nxd5 1-0

[Event "CYCC U10"]
[Site "Kapuskasing CAN"]
[Date "2004.07.08"]
[Round "5"]
[White "Farrant-Diaz, Nathan"]
[Black "Kaufman, Elliot"]
[Result "1-0"]
[WhiteElo "1081"]
[BlackElo "1073"]
[PlyCount "38"]
[GameId "2160767911095785"]
[EventDate "2004.07.06"]
[EventType "swiss"]
[EventRounds "7"]
[EventCountry "CAN"]
[SourceTitle "EXT 2006"]
[Source "ChessBase"]
[SourceDate "2005.11.24"]
[SourceVersion "1"]
[SourceVersionDate "2005.11.24"]
[SourceQuality "1"]

1. e4 c5 2. Nf3 d6 3. d4 cxd4 4. Nxd4 Nf6 5. Nc3 a6 6. Be2 e6 7. O-O Nbd7 8. Be3 Be7 9. Qd2 b5 10. Rad1 Bb7 11. f3 Qc7 12. Bd3 O-O 13. Nce2 Rac8 14. Bg5 Qb6 15. Kh1 Qxd4 16. Nxd4 e5 17. Nf5 Rfe8 18. Nxe7+ Rxe7 19. Bxf6 Nxf6 1-0

[Event "CYCC U10"]
[Site "Kapuskasing CAN"]
[Date "2004.07.08"]
[Round "5"]
[White "Gusev, Nikita"]
[Black "Rozybakiyev, Ilchin"]
[Result "0-1"]
[WhiteElo "1534"]
[BlackElo "1236"]
[PlyCount "70"]
[GameId "2160767911095786"]
[EventDate "2004.07.06"]
[EventType "swiss"]
[EventRounds "7"]
[EventCountry "CAN"]
[SourceTitle "EXT 2006"]
[Source "ChessBase"]
[SourceDate "2005.11.24"]
[SourceVersion "1"]
[SourceVersionDate "2005.11.24"]
[SourceQuality "1"]

1. e4 c5 2. Nf3 Nc6 3. d4 cxd4 4. Nxd4 e5 5. Nb5 d6 6. c4 Be7 7. N1c3 a6 8. Na3 Be6 9. Nc2 Nf6 10. Bg5 Nxe4 11. Nxe4 Bxg5 12. Nxd6+ Ke7 13. Qh5 f6 14. Rd1 Qa5+ 15. Ke2 Qxa2 16. Ne3 g6 17. Qf3 Qxb2+ 18. Ke1 Qb4+ 19. Rd2 Rad8 20. c5 Rd7 21. h4 Bh6 22. g4 Nd4 23. Qe4 Qxc5 24. Nxb7 Qb6 25. Bg2 Rc8 26. g5 Rc1+ 27. Rd1 Rxd1+ 28. Nxd1 Bd5 29. Qg4 Bxg2 30. Qxg2 Bg7 31. Nc3 Qxb7 32. Qxb7 Rxb7 33. Kd2 fxg5 34. hxg5 Nf3+ 35. Ke3 Nxg5 0-1

[Event "CYCC U10"]
[Site "Kapuskasing CAN"]
[Date "2004.07.08"]
[Round "5"]
[White "Kieu, Marc-Andre"]
[Black "Sithamparapillai, Arjun"]
[Result "1-0"]
[WhiteElo "1421"]
[BlackElo "1060"]
[PlyCount "69"]
[GameId "2160767911095787"]
[EventDate "2004.07.06"]
[EventType "swiss"]
[EventRounds "7"]
[EventCountry "CAN"]

1. e4 e6 2. d4 d5 3. Nc3 Bb4 4. e5 c5 5. Nf3 Nc6 6. Be3 Nge7 7. a3 Ba5 8. Bb5 a6 9. Be2 Nf5 10. Qd2 Qb6 11. O-O-O cxd4 12. Nxd4 Nfxd4 13. Bxd4 Qc7 14. Qg5 Nxd4 15. Rxd4 Bxc3 16. bxc3 Qxc3 17. Rdd1 Qxa3+ 18. Kd2 O-O 19. Bd3 h6 20. Qg3 Qb4+ 21. Ke2 Bd7 22. Rb1 Qc5 23. Rxb7 Bb5 24. Bxb5 axb5 25. Qb3 Qc4+ 26. Qxc4 bxc4 27. Kd2 f6 28. exf6 Rxf6 29. f3 Ra2 30. Rhb1 Rf4 31. Re7 Ra6 32. Rbb7 g5 33. Rg7+ Kf8 34. Rh7 Rh4 35. Rh8# 1-0

[Event "CYCC U10"]
[Site "Kapuskasing CAN"]
[Date "2004.07.08"]
[Round "5"]
[White "Nadeau, Emmanuel"]
[Black "Gupta, Udit"]
[Result "1/2-1/2"]
[WhiteElo "1246"]
[BlackElo "1276"]
[PlyCount "70"]
[GameId "2160767911095788"]
[EventDate "2004.07.06"]
[EventType "swiss"]
[EventRounds "7"]
[EventCountry "CAN"]
[SourceTitle "EXT 2006"]
[Source "ChessBase"]
[SourceDate "2005.11.24"]
[SourceVersion "1"]
[SourceVersionDate "2005.11.24"]
[SourceQuality "1"]

1. e4 c5 2. Nc3 Nc6 3. Nf3 d6 4. Bc4 Nf6 5. O-O e6 6. d3 Be7 7. Bg5 O-O 8. h3 a6 9. Qd2 Nd7 10. Bxe7 Qxe7 11. Rfe1 Rd8 12. Re2 Rb8 13. a4 Nd4 14. Nxd4 cxd4 15. Nd1 Qf6 16. c3 dxc3 17. Nxc3 Ne5 18. Rae1 Qg6 19. Qe3 Nxc4 20. dxc4 e5 21. Rd2 Be6 22. Nd5 Bxd5 23. Rxd5 Rbc8 24. b3 Rc5 25. Rxc5 dxc5 26. Qxc5 Qd6 27. Qxd6 Rxd6 28. Kf1 Kf8 29. f3 Ke7 30. Kf2 Rd3 31. Re3 Rd4 32. g4 g6 33. Ke2 Ke6 34. Rd3 Kd6 35. b4 g5 1/2-1/2

[Event "CYCC U10"]
[Site "Kapuskasing CAN"]
[Date "2004.07.08"]
[Round "5"]
[White "Sanderson, Tyler"]
[Black "Berube, Pierre"]
[Result "0-1"]
[WhiteElo "747"]
[BlackElo "1018"]
[PlyCount "22"]
[GameId "2160767911095789"]
[EventDate "2004.07.06"]
[EventType "swiss"]
[EventRounds "7"]
[EventCountry "CAN"]
[SourceTitle "EXT 2006"]
[Source "ChessBase"]
[SourceDate "2005.11.24"]
[SourceVersion "1"]
[SourceVersionDate "2005.11.24"]
[SourceQuality "1"]

1. e4 e5 2. Nf3 Nc6 3. Bb5 Nd4 4. Nc3 Nxf3+ 5. gxf3 Bc5 6. d3 Qh4 7. O-O a6 8. Bc4 d6 9. Be3 Bh3 10. Re1 Nf6 11. Bxc5 Qg5+ 0-1

[Event "CYCC U10"]
[Site "Kapuskasing CAN"]
[Date "2004.07.08"]
[Round "5"]
[White "Xiong, Jerry"]
[Black "Gladstone, Simon"]
[Result "1-0"]
[WhiteElo "1504"]
[BlackElo "1193"]
[PlyCount "167"]
[GameId "2160767911095790"]
[EventDate "2004.07.06"]
[EventType "swiss"]
[EventRounds "7"]
[EventCountry "CAN"]
[SourceTitle "EXT 2006"]
[Source "ChessBase"]
[SourceDate "2005.11.24"]
[SourceVersion "1"]
[SourceVersionDate "2005.11.24"]
[SourceQuality "1"]

1. e4 e6 2. d4 d5 3. exd5 exd5 4. c4 Nf6 5. Nc3 Nc6 6. Nf3 Be7 7. Be3 Be6 8. c5 O-O 9. Be2 Qd7 10. O-O a6 11. a3 Nd8 12. Ne5 Qc8 13. Bf4 Bf5 14. Bf3 c6 15. Re1 Ne6 16. Bg3 Re8 17. Na4 Bd8 18. Bh4 Kf8 19. Bxf6 gxf6 20. Ng4 Bxg4 21. Bxg4 Bc7 22. Bf5 h6 23. Qh5 Ng7 24. Bxc8 Nxh5 25. Rxe8+ Kxe8 26. Bxb7 Rd8 27. Bxc6+ Ke7 28. Re1+ Kf8 29. Nc3 Nf4 30. g3 Nd3 31. Re2 Nc1 32. Rd2 Nb3 33. Rd1 Na5 34. Bxd5 Rb8 35. b4 Nb7 36. Bxb7 Rxb7 37. Nd5 Bd8 38. Kg2 Kg7 39. Nf4 a5 40. c6 Rc7 41. b5 a4 42. d5 Rc8 43. Rd4 Ra8 44. Kf3 Be7 45. d6 Bf8 46. Kg4 Rd8 47. d7 Bxa3 48. c7 Bc5 49. Rd1 Bb6 50. c8=R a3 51. Rxd8 Bxd8 52. b6 Bxb6 53. d8=R Bxd8 54. Rxd8 a2 55. Nh5+ Kh7 56. Ra8 a1=Q 57. Rxa1 Kg6 58. Nxf6 Kxf6 59. Kh5 Kg7 60. Ra7 Kg8 61. Rxf7 Kxf7 62. Kxh6 Kf6 63. Kh5 Kf7 64. f4 Kf6 65. g4 Kf7 66. h4 Kf6 67. Kh6 Kf7 68. h5 Kf6 69. f5 Kf7 70. g5 Kf8 71. Kh7 Kf7 72. h6 Kf8 73. g6 Ke8 74. g7 Ke7 75. g8=N+ Kf8 76. Nf6 Kf7 77. Nh5 Kf8 78. Kg6 Kg8 79. f6 Kh8 80. Ng3 Kg8 81. Ne4 Kh8 82. Ng5 Kg8 83. h7+ Kh8 84. Nf7# 1-0

[Event "CYCC U10"]
[Site "Kapuskasing CAN"]
[Date "2004.07.08"]
[Round "6"]
[White "Blair, Michael"]
[Black "Nadeau, Emmanuel"]
[Result "0-1"]
[WhiteElo "917"]
[BlackElo "1246"]
[PlyCount "30"]
[GameId "2160767911095791"]
[EventDate "2004.07.06"]
[EventType "swiss"]
[EventRounds "7"]
[EventCountry "CAN"]

1. e4 e5 2. Nf3 Nc6 3. Bb5 Nf6 4. d3 Bc5 5. O-O O-O 6. Nc3 d6 7. Re1 Bg4 8. h3 Bh5 9. Bxc6 bxc6 10. g4 Bxg4 11. hxg4 Nxg4 12. Be3 Bxe3 13. fxe3 Qf6 14. Rf1 Nxe3 15. Nh2 Qg5+ 0-1

[Event "CYCC U10"]
[Site "Kapuskasing CAN"]
[Date "2004.07.08"]
[Round "6"]
[White "Dallaire, Deric"]
[Black "Sanderson, Tyler"]
[Result "0-1"]
[WhiteElo "1088"]
[BlackElo "747"]
[PlyCount "46"]
[GameId "2160767911095792"]
[EventDate "2004.07.06"]
[EventType "swiss"]
[EventRounds "7"]
[EventCountry "CAN"]

1. e4 e5 2. Bc4 Nf6 3. Nf3 Nc6 4. O-O b6 5. h3 Bb7 6. Nc3 Nd4 7. Ng5 d5 8. exd5 Nxd5 9. Re1 Qxg5 10. d3 Qd8 11. Rxe5+ Ne7 12. Bb3 Nxb3 13. axb3 g6 14. Be3 Bg7 15. Rg5 Bxc3 16. bxc3 Nf5 17. Bf4 O-O 18. Rg4 Re8 19. Bg5 f6 20. Bf4 g5 21. Bd2 h5 22. Rc4 Qd5 23. Rca4 Qxg2# 0-1

[Event "CYCC U10"]
[Site "Kapuskasing CAN"]
[Date "2004.07.08"]
[Round "6"]
[White "Dawson, Michael"]
[Black "Xiong, Jerry"]
[Result "1/2-1/2"]
[WhiteElo "1252"]
[BlackElo "1504"]
[PlyCount "70"]
[GameId "2160767911095793"]
[EventDate "2004.07.06"]
[EventType "swiss"]
[EventRounds "7"]
[EventCountry "CAN"]

1. d4 d5 2. Nf3 c5 3. e3 Nc6 4. Bb5 Bd7 5. Nc3 Nf6 6. O-O a6 7. Bxc6 Bxc6 8. Ne5 e6 9. Nxc6 bxc6 10. Re1 cxd4 11. exd4 Bd6 12. Ne2 Qc7 13. g3 O-O 14. Bf4 Bxf4 15. Nxf4 c5 16. c3 cxd4 17. Qxd4 Rab8 18. b4 Rfc8 19. Rac1 Rb6 20. Ne2 Rc6 21. f3 a5 22. a3 Rc4 23. Qe3 Ne8 24. Red1 Nd6 25. Qe5 Qb6+ 26. Kg2 axb4 27. a4 Qa6 28. cxb4 Rxb4 29. Qxd6 Qxd6 30. Rxc8+ Qf8 31. Rxf8+ Kxf8 32. Ra1 Rb8 33. a5 Ke7 34. Kh3 Kd7 35. Nd4 e5 1/2-1/2

[Event "CYCC U10"]
[Site "Kapuskasing CAN"]
[Date "2004.07.08"]
[Round "6"]
[White "Gladstone, Simon"]
[Black "Gupta, Udit"]
[Result "1-0"]
[WhiteElo "1186"]
[BlackElo "1276"]
[PlyCount "51"]
[GameId "2160767911095794"]
[EventDate "2004.07.06"]
[EventType "swiss"]
[EventRounds "7"]
[EventCountry "CAN"]

1. e4 c5 2. Nf3 Nc6 3. d4 cxd4 4. Nxd4 e6 5. f4 Qb6 6. c3 Bc5 7. Nxc6 bxc6 8. Qc2 d5 9. exd5 cxd5 10. c4 Nf6 11. Nc3 O-O 12. Bd3 dxc4 13. Bxc4 Ng4 14. Na4 Bb4+ 15. Kf1 Ne3+ 16. Bxe3 Qxe3 17. Qf2 Qxf2+ 18. Kxf2 Bd7 19. Nc3 Bxc3 20. bxc3 Rac8 21. Be2 Rxc3 22. Rhc1 Rcc8 23. Rab1 Bc6 24. Ba6 Rc7 25. Bb5 Rfc8 26. Bxc6 1-0

[Event "CYCC U10"]
[Site "Kapuskasing CAN"]
[Date "2004.07.08"]
[Round "6"]
[White "Kaufman, Elliot"]
[Black "Berube, Pierre"]
[Result "1-0"]
[WhiteElo "1073"]
[BlackElo "1018"]
[PlyCount "53"]
[GameId "2160767911095795"]
[EventDate "2004.07.06"]
[EventType "swiss"]
[EventRounds "7"]
[EventCountry "CAN"]

1. e4 e5 2. Nf3 Nc6 3. d4 d6 4. Bb5 a6 5. Ba4 b5 6. Bb3 Nf6 7. Nc3 Bg4 8. d5 Bxf3 9. Qxf3 Nd4 10. Qd3 Ng4 11. h3 Qh4 12. O-O c6 13. dxc6 Rc8 14. Bd5 Be7 15. Be3 Nf3+ 16. gxf3 Qxh3 17. fxg4 Qxg4+ 18. Kh1 h5 19. Bb6 h4 20. c7 h3 21. Bc6+ Kf8 22. Rg1 Qh4 23. Bd7 Rxc7 24. Bxc7 Qxf2 25. Qd5 h2 26. Qa8+ Bd8 27. Qxd8# 1-0

[Event "CYCC U10"]
[Site "Kapuskasing CAN"]
[Date "2004.07.08"]
[Round "6"]
[White "Rozybakiyev, Ilchin"]
[Black "Calugar, Arthur"]
[Result "0-1"]
[WhiteElo "1236"]
[BlackElo "1729"]
[PlyCount "68"]
[GameId "2160767911095797"]
[EventDate "2004.07.06"]
[EventType "swiss"]
[EventRounds "7"]
[EventCountry "CAN"]

1. e4 c5 2. Nf3 Nc6 3. d4 cxd4 4. Nxd4 Nf6 5. Nc3 e5 6. Ndb5 d6 7. Nd5 Nxd5 8. exd5 Ne7 9. Nc3 Nf5 10. Bd3 g6 11. O-O Bg7 12. Ne4 O-O 13. c4 Nd4 14. Nc3 f5 15. f3 f4 16. Kh1 g5 17. b4 Rf6 18. Ne2 Nxe2 19. Qxe2 Rh6 20. Be4 g4 21. g3 Rh3 22. fxg4 fxg3 23. Qf3 Bd7 24. g5 Qe7 25. Qd1 Rxh2+ 26. Kg1 Bh3 27. Re1 Rf8 28. Be3 Rf7 29. g6 hxg6 30. Bxg6 Rf8 31. Qc1 Qh4 32. Bg5 Rh1+ 33. Kxh1 Bg2+ 34. Kxg2 Qh2# 0-1

[Event "CYCC U10"]
[Site "Kapuskasing CAN"]
[Date "2004.07.08"]
[Round "6"]
[White "Sithamparapillai, Arjun"]
[Black "Gusev, Nikita"]
[Result "1/2-1/2"]
[WhiteElo "1060"]
[BlackElo "1534"]
[PlyCount "78"]
[GameId "2160767911095798"]
[EventDate "2004.07.06"]
[EventType "swiss"]
[EventRounds "7"]
[EventCountry "CAN"]

1. e4 c5 2. Nf3 d6 3. d4 cxd4 4. Nxd4 Nf6 5. Nc3 a6 6. Be2 Nc6 7. O-O e5 8. Nb3 b5 9. Nd5 Nxd5 10. exd5 Ne7 11. Bg5 h6 12. Bh4 g5 13. Bg3 Nf5 14. Bh5 Bg7 15. Bg4 O-O 16. c3 Ra7 17. Bxf5 Bxf5 18. f3 Bg6 19. Bf2 Rd7 20. a4 f5 21. axb5 axb5 22. Na5 h5 23. Nc6 Qf6 24. g4 f4 25. h3 e4 26. Bd4 Qf7 27. Bxg7 Qxg7 28. Nd4 Qh6 29. Ne6 Rb8 30. fxe4 Bxe4 31. gxh5 Bf5 32. Re1 Bxh3 33. Qf3 Bf5 34. Qg2 Qxh5 35. Nxf4 Qg4 36. Qxg4 Bxg4 37. Ne6 Bf5 38. Kf2 g4 39. Rg1 Rf7 1/2-1/2

[Event "CYCC U10"]
[Site "Kapuskasing CAN"]
[Date "2004.07.08"]
[Round "6"]
[White "Zubac, Michael"]
[Black "Farrant-Diaz, Nathan"]
[Result "1-0"]
[WhiteElo "1134"]
[BlackElo "1081"]
[PlyCount "77"]
[GameId "2160767911095799"]
[EventDate "2004.07.06"]
[EventType "swiss"]
[EventRounds "7"]
[EventCountry "CAN"]

1. e4 e6 2. d4 d5 3. e5 c5 4. Nf3 cxd4 5. Nxd4 Qc7 6. Bf4 Nc6 7. Nxc6 Qxc6 8. Bd3 Bc5 9. O-O Ne7 10. Nc3 Bd7 11. Re1 O-O-O 12. Qd2 h6 13. Rad1 g5 14. Bg3 Rdg8 15. Nb5 h5 16. h3 g4 17. h4 a6 18. Nd6+ Kb8 19. Nxf7 Rf8 20. Nxh8 Rxh8 21. b4 Bb6 22. a3 Bd8 23. Rc1 Be8 24. Qg5 Qd7 25. Qe3 Ng6 26. Bxg6 Bxg6 27. Red1 Be8 28. c4 Bf7 29. cxd5 Bg8 30. dxe6 Qe7 31. Rd7 Qe8 32. Rcd1 Bc7 33. e7 Be6 34. Rd8+ Bxd8 35. Rxd8+ Qxd8 36. exd8=Q+ Bc8 37. Qxh8 Kc7 38. Qc5+ Kd7 39. Qhxc8# 1-0